LEADER 01913nam1 22004093i 450 001 MIL0085321 005 20251003044222.0 020 $aIT$b788981 100 $a20160719d1978 ||||0itac50 ba 101 | $aita 102 $ait 181 1$6z01$ai $bxxxe 182 1$6z01$an 183 1$6z01$anc$2RDAcarrier 200 1 $aˆLe ‰operazioni bancarie$fa cura di Giuseppe B. Portale 210 $aMilano$cGiuffrè$dstampa 1978 215 $a2 v.$d25 cm 300 $aIn testa al front.: Università cattolica del sacro cuore, Facoltà di economia e commercio, Associazione per lo sviluppo degli studi di banca e borsa. 463 1$1001MIL0085343$12000 $a1$v1 463 1$1001MIL0085359$12000 $a2$v2 676 $a332.1$9BANCHE E SERVIZI BANCARI$v12 676 $a332.10945$9BANCHE. Italia$v22 676 $a332.17$9SERVIZI DELLE BANCHE COMMERCIALI$v19 702 1$aPortale$b, Giuseppe B.$3CFIV061862 712 02$aAssociazione per lo sviluppo degli studi di banca e borsa$3CFIV031498 712 01$aUniversità cattolica del Sacro Cuore$c $b : Facoltà di economia e commercio$3MILV011855 791 02$aAssociazione per lo sviluppo degli studi di banca e di borsa$3CFIV057157$zAssociazione per lo sviluppo degli studi di banca e borsa 791 02$aASSB$3CFIV088513$zAssociazione per lo sviluppo degli studi di banca e borsa 791 02$aASSBB$3PARV577884$zAssociazione per lo sviluppo degli studi di banca e borsa 801 3$aIT$bIT-000000$c20160719 850 $aIT-BN0095 901 $bNAP 01$cD $n$ 912 $aMIL0085321 950 1$aBiblioteca Centralizzata di Ateneo$c1 v.$d 01D (AR) 12 155$c1 v.$d 01D (AR) 12 156$d 01D (AR) 5 795$d 01D (AR) 5 796 977 $a 01 996 $aOperazioni bancarie$957430 997 $aUNISANNIO